000 00313nam a2200121Ia 4500
008 220217s9999||||xx |||||||||||||| ||und||
082 _a410 CSR
100 _aCSR
245 0 _aTest of reasoning (Verbal)
260 _aSudha publication
_bNew Delhi
_c2005
300 _b95
650 _aEXAM BOOKS/GRE/CAT/GATE
999 _c175703
_d175703